Los recursos del tesoro nacional en la Constitución Argentina. Orígenes. Principios. Vigencia actual (Registro nro. 29042)

Detalles MARC
000 -LEADER
fixed length control field 00429 a2200109 4500
001 - CONTROL NUMBER
control field ART_49734
005 - DATE AND TIME OF LATEST TRANSACTION
control field 20260410161936.0
008 - FIXED-LENGTH DATA ELEMENTS--GENERAL INFORMATION
fixed length control field 260409a
100 1# - MAIN ENTRY--PERSONAL NAME
Personal name Reig, Enrique Jorge
245 10 - TITLE STATEMENT
Title Los recursos del tesoro nacional en la Constitución Argentina. Orígenes. Principios. Vigencia actual
773 0# - HOST ITEM ENTRY
Title Anales de la Academia Nacional de Ciencias Económicas
Related parts - Vol. XXXVI, (1991) (ene. 1993)
Record control number REV25596

No hay ítems disponibles.